<?xml version="1.0" encoding="UTF-8"?>
<record
    xmlns:xsi="http://www.w3.org/2001/XMLSchema-instance"
    xsi:schemaLocation="http://www.loc.gov/MARC21/slim http://www.loc.gov/standards/marcxml/schema/MARC21slim.xsd"
    xmlns="http://www.loc.gov/MARC21/slim">

  <leader>01813cam a2200409 a 4500</leader>
  <controlfield tag="001">1215889</controlfield>
  <controlfield tag="003">NUST</controlfield>
  <controlfield tag="005">20210901113050.0</controlfield>
  <controlfield tag="008">990317s1995    su b     b    000 0 eng  </controlfield>
  <datafield tag="010" ind1=" " ind2=" ">
    <subfield code="a">   99184915 </subfield>
    <subfield code="z">   95966148 </subfield>
  </datafield>
  <datafield tag="038" ind1=" " ind2=" ">
    <subfield code="a">Arshad</subfield>
  </datafield>
  <datafield tag="040" ind1=" " ind2=" ">
    <subfield code="a">DLC</subfield>
    <subfield code="c">DLC</subfield>
  </datafield>
  <datafield tag="041" ind1="1" ind2=" ">
    <subfield code="a">eng</subfield>
    <subfield code="h">ara</subfield>
  </datafield>
  <datafield tag="043" ind1=" " ind2=" ">
    <subfield code="a">a-su---</subfield>
  </datafield>
  <datafield tag="050" ind1="0" ind2="0">
    <subfield code="a">BP75.2</subfield>
    <subfield code="b">.M8213 1995</subfield>
  </datafield>
  <datafield tag="082" ind1=" " ind2=" ">
    <subfield code="a">297.63</subfield>
    <subfield code="b">MUB</subfield>
  </datafield>
  <datafield tag="100" ind1="1" ind2=" ">
    <subfield code="a">Mub&#x101;rakf&#x16B;r&#x12B;, &#x1E62;af&#x12B; al-Ra&#x1E25;m&#x101;n.</subfield>
    <subfield code="9">6564</subfield>
  </datafield>
  <datafield tag="240" ind1="1" ind2="0">
    <subfield code="a">Ra&#x1E25;&#x12B;q al-makht&#x16B;m.</subfield>
    <subfield code="l">urdu</subfield>
  </datafield>
  <datafield tag="245" ind1="1" ind2="3">
    <subfield code="a">al-Ra&#x1E25;&#x12B;q al-makht&#x16B;m :</subfield>
    <subfield code="b">ba&#x1E25;th f&#x12B; al-s&#x12B;rah al-Nabaw&#x12B;yah, &#x2BB;al&#xE1; &#x1E63;a&#x1E25;ibih&#x101; af&#x1E0D;al al-&#x1E63;al&#x101;h wa-al-sal&#x101;m /</subfield>
    <subfield code="c">&#x1E62;af&#x12B; al-Ra&#x1E25;m&#x101;n al-Mub&#x101;rakf&#x16B;r&#x12B; = Ar-Raheeq al-mak&#x332;h&#x332;t&#x16B;m (the sealed nectar) : biography of the noble Prophet / Safi-ur-Rahman al-Mubarakpuri.</subfield>
  </datafield>
  <datafield tag="246" ind1="3" ind2="1">
    <subfield code="a">Ar-Raheeq al-mak&#x332;h&#x332;t&#x16B;m</subfield>
  </datafield>
  <datafield tag="246" ind1="3" ind2="1">
    <subfield code="a">Sealed nectar</subfield>
  </datafield>
  <datafield tag="250" ind1=" " ind2=" ">
    <subfield code="a">1st ed.</subfield>
  </datafield>
  <datafield tag="260" ind1=" " ind2=" ">
    <subfield code="a">Riyadh, Saudi Arabia ;</subfield>
    <subfield code="a">Elmhurst Queen, NY :</subfield>
    <subfield code="b">Maktaba Dar-us-Salam,</subfield>
    <subfield code="c">1995.</subfield>
  </datafield>
  <datafield tag="300" ind1=" " ind2=" ">
    <subfield code="a">503 p. :</subfield>
    <subfield code="b">maps ;</subfield>
    <subfield code="c">25 cm.</subfield>
  </datafield>
  <datafield tag="500" ind1=" " ind2=" ">
    <subfield code="a">Includes brief citations from the Koran.</subfield>
  </datafield>
  <datafield tag="500" ind1=" " ind2=" ">
    <subfield code="a">"This book was awarded first prize by the Muslim World League at world-wide competition on the biography of the Prophet held at Makkah al-Mukarramah in 1399 H/1979."</subfield>
  </datafield>
  <datafield tag="504" ind1=" " ind2=" ">
    <subfield code="a">Includes bibliographical references.</subfield>
  </datafield>
  <datafield tag="563" ind1=" " ind2=" ">
    <subfield code="a">HBK</subfield>
  </datafield>
  <datafield tag="600" ind1="0" ind2="0">
    <subfield code="a">Mu&#x1E25;ammad,</subfield>
    <subfield code="c">Prophet,</subfield>
    <subfield code="d">-632.</subfield>
    <subfield code="9">6565</subfield>
  </datafield>
  <datafield tag="650" ind1=" " ind2="0">
    <subfield code="a">Muslims</subfield>
    <subfield code="z">Saudi Arabia</subfield>
    <subfield code="v">Biography.</subfield>
    <subfield code="9">6566</subfield>
  </datafield>
  <datafield tag="880" ind1=" " ind2=" ">
    <subfield code="6">100-01\(3\r</subfield>
    <subfield code="a">&#x635;&#x641;&#x6CC; &#x627;&#x644;&#x631;&#x62D;&#x645;&#x670;&#x646; &#x645;&#x628;&#x627;&#x631;&#x6A9; &#x67E;&#x648;&#x631;&#x6CC;</subfield>
  </datafield>
  <datafield tag="880" ind1=" " ind2=" ">
    <subfield code="6">245-02\(3\r</subfield>
    <subfield code="a">&#x627;&#x644;&#x631;&#x62D;&#x6CC;&#x642; &#x627;&#x644;&#x645;&#x62E;&#x62A;&#x648;&#x645;</subfield>
    <subfield code="c">&#x635;&#x641;&#x6CC; &#x627;&#x644;&#x631;&#x62D;&#x645;&#x670;&#x646; &#x645;&#x628;&#x627;&#x631;&#x6A9; &#x67E;&#x648;&#x631;&#x6CC;</subfield>
  </datafield>
  <datafield tag="880" ind1=" " ind2=" ">
    <subfield code="6">260-03\(3\r</subfield>
    <subfield code="a">&#x644;&#x627;&#x6C1;&#x648;&#x631;:</subfield>
    <subfield code="b">&#x627;&#x644;&#x645;&#x6A9;&#x62A;&#x628;&#x6C1; &#x627;&#x644;&#x633;&#x644;&#x641;&#x6CC;&#x6C1;&#x60C;</subfield>
    <subfield code="c">1995</subfield>
  </datafield>
  <datafield tag="906" ind1=" " ind2=" ">
    <subfield code="a">7</subfield>
    <subfield code="b">cbc</subfield>
    <subfield code="c">orignew</subfield>
    <subfield code="d">3</subfield>
    <subfield code="e">ncip</subfield>
    <subfield code="f">19</subfield>
    <subfield code="g">y-gencatlg</subfield>
  </datafield>
  <datafield tag="942" ind1=" " ind2=" ">
    <subfield code="2">ddc</subfield>
    <subfield code="c">BK</subfield>
  </datafield>
  <datafield tag="999" ind1=" " ind2=" ">
    <subfield code="c">332224</subfield>
    <subfield code="d">332224</subfield>
  </datafield>
  <datafield tag="952" ind1=" " ind2=" ">
    <subfield code="0">0</subfield>
    <subfield code="1">0</subfield>
    <subfield code="2">ddc</subfield>
    <subfield code="4">0</subfield>
    <subfield code="7">0</subfield>
    <subfield code="8">NFIC</subfield>
    <subfield code="a">CL</subfield>
    <subfield code="b">CL</subfield>
    <subfield code="c">ISL</subfield>
    <subfield code="d">2017-11-20</subfield>
    <subfield code="l">3</subfield>
    <subfield code="m">2</subfield>
    <subfield code="o">297.63 MUB</subfield>
    <subfield code="p">CL270</subfield>
    <subfield code="r">2025-09-04</subfield>
    <subfield code="s">2024-07-03</subfield>
    <subfield code="t">1</subfield>
    <subfield code="w">2017-11-20</subfield>
    <subfield code="y">BK</subfield>
  </datafield>
</record>
